00486nam a2200181 a 450000100060000000300090000600800410001504000280005608200100008410000260009424500150012026000470013530000090018249000420019165000420023394200120027599900170028721646CO-ViMGA141112s2004 ck r 000 u spa d aCO-ViMGAbspacCO-ViMGA04aBEAil1 aBeal, Kathleen93090810aI like you aMASSACHUSETTS : baDDISON - wESLEY, c1991 a16P. aA multicultural sing - along big boos14aCANCIONES INFANTILES EN INGLES930909 2ddccBK c30215d30215